• 首页
  • 本馆介绍
  • 公告通知
  • 最新文献
  • 馆藏检索
  • 电子资源
  • 读者导购
  • 参考咨询
  • 我的图书馆
  • 登录
  • 详细信息显示
  • 放入我的书架
  • 预约/预借图书
  • 作者相关作品
  • 分类相关作品
  • 丛书相关作品
  • 出版社相关作品

书目信息

  • 表格格式
  • 工作单格式
  • 卡片格式
题名:
列宁传
    
 
作者: 凯尔任采夫 著 ;企程 , 朔望 译
分册:  
出版信息: 北京   生活·读书·新知三联书店  1975.10
页数: 322页
开本: 20cm
丛书名:
单 册:
中图分类: A73
科图分类:
主题词: 列宁--传记 , 列宁--生平事迹
电子资源:
ISBN:
000 00649nam0 2200229 45
001 0181023678
005 20071014103218.89
010    @dCNY0.78
091    @a11002.471
100    @a20810111d1975 km y0chiy0120 ea
101 0  @achi
200 1  @ALIE NING ZHUAN@F(Su)Pu·Kai Er Ren Cai Fu Zhu@a列宁传@f(苏)普·凯尔任采夫著@g企程,朔望译
210    @a北京@c生活·读书·新知三联书店@d1975.10
215    @a322页@d20cm
606 0  @a列宁@x传记
606 0  @a列宁@x生平事迹
690    @aA73@v3
701  0 @a凯尔任采夫@4著
702  0 @a企程@4译@AQi Cheng
702  0 @a朔望@AShuo Wang@4译
801    @aCN@bTSTC@c20071014
905    @dA73@e195@f2@b229718-719
    
    列宁传/(苏)普·凯尔任采夫著/企程,朔望译.-北京:生活·读书·新知三联书店,1975.10
    322页;20cm
    
    
    ISBN :CNY0.78
    
●
相关链接 在E读中查询图书 在五车中查询图书 在当当中查询图书 在豆瓣中查询图书


正题名:列宁传     索取号:A73/195         预约/预借

序号 登录号 条形码 馆藏地/架位号 状态 备注
1 0000954   202133379   第一借阅区/ [索取号:A73/195] 在馆    
2 0000957   000954159   第一借阅区/ [索取号:A73/195] 在馆    
3 0018927   000954220   第一借阅区/ [索取号:A73/195] 在馆    
4 0063434   000954113   第一借阅区/ [索取号:A73/195] 在馆    
5 0063435   001623782   密集书库/ [索取号:A73/195] 在馆    
6 0229712   001609398   密集书库/ [索取号:A73/195] 在馆    
7 0229713   001609405   密集书库/ [索取号:A73/195] 在馆    
8 0229714   001609423   密集书库/ [索取号:A73/195] 在馆    
9 0229715   001609432   密集书库/ [索取号:A73/195] 在馆    
10 0229716   001609441   密集书库/ [索取号:A73/195] 在馆    
11 0229717   001609389   密集书库/ [索取号:A73/195] 在馆    
12 0229718   001786847   密集书库/ [索取号:A73/195] 在馆    
13 0229719   001786730   密集书库/ [索取号:A73/195] 在馆    
唐山师范学院图书馆 欢迎您!
大连网信软件有限公司© 版权所有